000 00702nam a22001817a 4500
003 BUBTL
008 190706b xxu||||| |||| 00| 0 eng d
020 _a978-984-04-1321-8
082 _a891.44 / PUM
100 _aপুরকায়স্থ, ঝর্না দাশ
_92303
245 _aমেঘ-জ্যোৎস্নায় মুক্তিযুদ্ধ /
_cঝর্না দাশ পুরকায়স্থ
260 _aঢাকা :
_bআগামী প্রকাশনী,
_cc2011.
300 _a200 p. :
_c22 cm.
650 0 _91755
_aমুক্তিযুদ্ধ
856 _k0
_l0
_yDownload
942 _2ddc
_cBK
999 _c6091
_d6091